000 02474nam0a2200361 4500
001 RU\NLR\BIBL_A\022768500
005 20260517044135.0
010 _a978-5-9624-2459-0
_950
021 _aRU
_bКН-П-26-008604
_9КН-П-26-0820
035 _a(NLR Aleph) 022768500
090 _a13707078
_c13707078
100 _a20260327d2026 k y0rusy50 ca
101 0 _arus
102 _aRU
105 _ac|||ac||011yb
200 1 _aС геометрией на ты!
_eк 80-летию со дня рождения доктора физико-математических наук, профессора Павла Яковлевича Грушко (1946-2008)
_eуказатель трудов
_fМинистерство науки и высшего образования Российской Федерации, Федеральное государственное бюджетное образовательное учреждение высшего образования "Иркутский государственный университет", Научная библиотека им. В. Г. Распутина
_gсоставитель: Т. С. Игнатьева
_gредакторы: д-р физ.-мат. наук, проф. О.В. Кузьмин (науч. ред.), И. П. Белоус
210 _aИркутск
_cИзд-во ИГУ
_d2026
215 _a43 с.
_cпортр., цв. портр.
_d21
225 1 _aБиобиблиография ученых ИГУ
320 _aАвт. указ.: с. 31-32
600 1 _aГрушко
_bП. Я.
_f1946 - 2008
_gПавел Яковлевич
_jБиобиблиография
_92709146
_3RU\NLR\AUTH\6601770568
686 1 _aВ18д(2)Грушко
686 1 _aЧ488.24(2Р)7-8Грушко
702 1 _aИгнатьева
_bТ. С.
_4220
702 1 _4340
_7ca
_8rus
_aКузьмин
_bО. В.
_cд-р физ.-мат. наук
_f1955-
_gОлег Викторович
_924930
_3RU\NLR\AUTH\7741982
702 1 _aГрушко
_bП. Я.
_f1946-2008
_gПавел Яковлевич
_4280
712 0 2 _4475
_aИркутский государственный университет
_bНаучная библиотека им. В. Г. Распутина
_9344598
_3RU\NLR\AUTH\889924365
942 _cBOOK
980 _aNB